<?xml version="1.0" encoding="UTF-8"?>
<record
    xmlns:xsi="http://www.w3.org/2001/XMLSchema-instance"
    xsi:schemaLocation="http://www.loc.gov/MARC21/slim http://www.loc.gov/standards/marcxml/schema/MARC21slim.xsd"
    xmlns="http://www.loc.gov/MARC21/slim">

  <leader>01795    a2200241   4500</leader>
  <controlfield tag="003">Nust</controlfield>
  <controlfield tag="005">20220730112158.0</controlfield>
  <datafield tag="010" ind1=" " ind2=" ">
    <subfield code="a">   97068696</subfield>
  </datafield>
  <datafield tag="020" ind1=" " ind2=" ">
    <subfield code="a">0789714051</subfield>
  </datafield>
  <datafield tag="040" ind1=" " ind2=" ">
    <subfield code="c">Nust</subfield>
  </datafield>
  <datafield tag="082" ind1="0" ind2="0">
    <subfield code="a">004.67,GRI</subfield>
  </datafield>
  <datafield tag="100" ind1="1" ind2=" ">
    <subfield code="a">Grimes, Galen.</subfield>
    <subfield code="9">46267</subfield>
  </datafield>
  <datafield tag="245" ind1="1" ind2="0">
    <subfield code="a">10 minute guide to the Internet and the World Wide Web / </subfield>
    <subfield code="c">Galen Grimes, with Rick Bolton.</subfield>
  </datafield>
  <datafield tag="246" ind1="3" ind2=" ">
    <subfield code="a">Ten minute guide to the Internet and the World Wide Web</subfield>
  </datafield>
  <datafield tag="250" ind1=" " ind2=" ">
    <subfield code="a">3rd ed.</subfield>
  </datafield>
  <datafield tag="260" ind1=" " ind2=" ">
    <subfield code="a">Indianapolis, Ind. :</subfield>
    <subfield code="b">Que,</subfield>
    <subfield code="c">c1997.</subfield>
  </datafield>
  <datafield tag="300" ind1=" " ind2=" ">
    <subfield code="a">xii, 185 p. :</subfield>
    <subfield code="b">ill. ;</subfield>
    <subfield code="c">22 cm.</subfield>
  </datafield>
  <datafield tag="505" ind1=" " ind2=" ">
    <subfield code="a">Finding Out About The Internet and the world Wide web (Page-1), Hardware and Software You Will Need To Access the Web (Page-9),  Using Microsoft Internet Explore (Page-16),  Marking Favorite Pages in Internet Explorer (Page-22),  Browsing Offline and Subscribing to (Page-28),  Controlling Active X Controls (Page-37),   Using Netscape Navigator (Page-42),  Setting Bookmarks in Netscape (Page-50),  Using Netscape Plug &#x2013; Ins  (Page-58),  Real Time Audio and Video Using Real Player (Page-66),  Searching the Internet Using Search Engines (Page-72),  Sending and Receiving E-Mail (Page-82),  Accessing Files With FTP (Page-92),  Working With Newsgroups (Page-100),  Real Time Chat  on the Internet (Page-114),  Internet Telephones (Page-118),  
 Pont Cast and Push Technology (Page-125),  Internet Etiquette (Page-133),  Selecting an Internet service Provider (Page-138),  Configuration for Windows 3.1 Users (Page-143),  Configuration for Windows 95 Users  (Page-147),  Configuration for Macintosh Users (Page-157),   Accessing The Internet With An On Line Access Service (Page-169),  </subfield>
  </datafield>
  <datafield tag="650" ind1=" " ind2="0">
    <subfield code="a">Internet.</subfield>
    <subfield code="9">17965</subfield>
  </datafield>
  <datafield tag="650" ind1=" " ind2="0">
    <subfield code="a">World Wide Web.</subfield>
    <subfield code="9">18094</subfield>
  </datafield>
  <datafield tag="700" ind1="1" ind2=" ">
    <subfield code="a">Bolton, Rick.</subfield>
    <subfield code="9">46268</subfield>
  </datafield>
  <datafield tag="942" ind1=" " ind2=" ">
    <subfield code="2">ddc</subfield>
    <subfield code="c">BK</subfield>
    <subfield code="k">004.67,GRI</subfield>
  </datafield>
  <datafield tag="999" ind1=" " ind2=" ">
    <subfield code="c">176232</subfield>
    <subfield code="d">176232</subfield>
  </datafield>
  <datafield tag="952" ind1=" " ind2=" ">
    <subfield code="0">0</subfield>
    <subfield code="1">0</subfield>
    <subfield code="2">ddc</subfield>
    <subfield code="4">0</subfield>
    <subfield code="7">0</subfield>
    <subfield code="a">MCS</subfield>
    <subfield code="b">MCS</subfield>
    <subfield code="c">GEN</subfield>
    <subfield code="d">2016-12-12</subfield>
    <subfield code="o">004.67,GRI</subfield>
    <subfield code="p">MCS25039</subfield>
    <subfield code="r">2016-12-08</subfield>
    <subfield code="w">2016-12-12</subfield>
    <subfield code="y">BK</subfield>
    <subfield code="z">Almirah No.3, Shelf No.2</subfield>
  </datafield>
</record>
